Зарубежная литература XX века: учебник

Bibliografske podrobnosti
Drugi avtorji: Андреев Л. Г. Леонид Григорьевич (редактор)
Izvleček:Исключено из фонда НТБ ТПУ
Jezik:ruščina
Izdano: Москва, Высшая школа, 2003
Izdaja:2-е изд., испр. и доп.
Format: MixedMaterials Knjiga
KOHA link:https://koha.lib.tpu.ru/cgi-bin/koha/opac-detail.pl?biblionumber=58380

MARC

LEADER 00000nam0a2200000 4500
001 58380
005 20231031055041.0
010 |a 5060045951 
035 |a (RuTPU)RU\TPU\book\61663 
090 |a 58380 
100 |a 20031201d2003 m y0rusy50 ca 
101 0 |a rus 
102 |a RU 
105 |a y j 001zy 
200 1 |a Зарубежная литература XX века  |e учебник  |f Под ред. Л. Г. Андреева 
205 |a 2-е изд., испр. и доп. 
210 |a Москва  |c Высшая школа  |d 2003 
215 |a 559 с. 
320 |a Именной указатель: с. 555-559 
333 |a Исключено из фонда НТБ ТПУ 
675 |a 809(075.8)  |v 3 
675 |a 89(075.8)  |v 3 
702 1 |a Андреев  |b Л. Г.  |g Леонид Григорьевич  |4 340 
801 1 |a RU  |b 63413507  |c 20031201  |g PSBO 
801 2 |a RU  |b 63413507  |c 20220530  |g PSBO 
942 |c BK